000 01642nam0a22003011 4500
001 RU\NLR\INFOCOMM_195\5000070830
005 20260406110626.0
035 _a(NLR Aleph) 009374454
090 _a7942995
_c7942995
100 _a20101226d1987 |||y0rusy50 ca
101 0 _aeng
102 _aRU
105 _ay ||||000|y
200 1 _aˆThe ‰party of the revolution is the party of the perestroika
_eSpeech at a meet. with Party veterans, participants in the revolutionary events, front-rank workers a. activists of the Leningrad party organization, Leningrad, Oct. 13, 1987
_fMikhail Gorbachev
210 _aM.
_c"Novosti" press agency publ. house
_d1987
215 _a30 с.
_d20 см
300 _aВ вып. дан.: Партия революции - партия перестройки: Речь перед ветеранами партии, участниками рев. событий, ударниками пятилеток, активом Ленингр. парт. организации, Ленинград, 13 окт. 1987 г. / Михаил Сергеевич Горбачев
686 _aФ61(2Р-4Ле-2Лен)273, 012
_2rubbk
686 _aТ3(2)73-09
_2rubbk
686 _aТ3(2Р-4Ле-2Лен)73
_2rubbk
700 1 _4070
_8rus
_7ba
_aGorbačev
_bM. S.
_cгос. деятель
_f1931-2022
_gMichail Sergeevič
_3RU\NLR\AUTH\77110387
_993312
790 1 _9z01700
_aGorbachev
_bM.
_gMikhail
_4070
801 1 _aRU
_bNLR
_c20101226
801 0 _aRU
_bNLR
_gPSBO
852 _aNLR
_jИп31 Д-4/87
942 _cBOOK
955 _aна карточке в сведениях, относ. к заглавию: revotionary events
980 _aNB